<?xml version="1.0" encoding="UTF-8"?>
<record
    xmlns:xsi="http://www.w3.org/2001/XMLSchema-instance"
    xsi:schemaLocation="http://www.loc.gov/MARC21/slim http://www.loc.gov/standards/marcxml/schema/MARC21slim.xsd"
    xmlns="http://www.loc.gov/MARC21/slim">

  <leader>01466naa a2200229 i 4500</leader>
  <controlfield tag="001">617</controlfield>
  <controlfield tag="003">KOSZ 005</controlfield>
  <controlfield tag="005">20180209152321.0</controlfield>
  <controlfield tag="008">150310s2006    pl     f     |100 0 pol</controlfield>
  <datafield tag="040" ind1=" " ind2=" ">
    <subfield code="c">BPK</subfield>
    <subfield code="d">KOSZ 005/EG</subfield>
  </datafield>
  <datafield tag="080" ind1=" " ind2=" ">
    <subfield code="a">629.33</subfield>
  </datafield>
  <datafield tag="100" ind1="1" ind2=" ">
    <subfield code="a">KRZY&#x17B;Y&#x143;SKI, Tomasz.</subfield>
    <subfield code="d">1997 - .</subfield>
    <subfield code="b">Politechnika Koszali&#x144;ska - Wydzia&#x142; Mechaniczny,</subfield>
    <subfield code="c">Katedra Mechaniki Precyzyjnej - Zak&#x142;ad Mechatroniki</subfield>
  </datafield>
  <datafield tag="245" ind1="1" ind2="0">
    <subfield code="a">Uk&#x142;ady hamulcowe - nowoczesne technologie =</subfield>
    <subfield code="b">Brake systems - new technologies /</subfield>
    <subfield code="c">Andrzej Ku&#x17A;nicki, Andrzej B&#x142;a&#x17C;ejewski, Tomasz Krzy&#x17C;y&#x144;ski.</subfield>
  </datafield>
  <datafield tag="500" ind1=" " ind2=" ">
    <subfield code="a">Dane z autopsji.</subfield>
  </datafield>
  <datafield tag="520" ind1=" " ind2=" ">
    <subfield code="a">Uk&#x142;ady hamulcowe poddawane s&#x105; ci&#x105;g&#x142;ym modyfikacjom. Zmiany dokonywane s&#x105; zar&#xF3;wno w technologiach, jak i systemach. Niniejsza praca prezentuje obecnie stosowane uk&#x142;ady hamulcowe oraz kierunki ich rozwoju.</subfield>
  </datafield>
  <datafield tag="650" ind1=" " ind2="0">
    <subfield code="a">Hamulce samochodowe. </subfield>
  </datafield>
  <datafield tag="655" ind1=" " ind2="0">
    <subfield code="a">Materia&#x142;y konferencyjne.</subfield>
  </datafield>
  <datafield tag="700" ind1="1" ind2=" ">
    <subfield code="a">B&#x141;A&#x17B;EJEWSKI, Andrzej.</subfield>
    <subfield code="d">2008 - .</subfield>
    <subfield code="b">Politechnika Koszali&#x144;ska - Wydzia&#x142; Mechaniczny,</subfield>
    <subfield code="c">Katedra Mechaniki Precyzyjnej - Zak&#x142;ad Mechatroniki</subfield>
  </datafield>
  <datafield tag="773" ind1="0" ind2=" ">
    <subfield code="i">W :</subfield>
    <subfield code="t">IX Konferencja Naukowo-Techniczna nt. Innowacje w motoryzacji a bezpiecze&#x144;stwo ruchu drogowego : [IX S&#x142;upskie Forum Motoryzacji], S&#x142;upsk 26.05.2006 : praca zbiorowa / pod red. Leona Kukie&#x142;ki. -</subfield>
    <subfield code="d">S&#x142;upsk : Starostwo Powiatowe, 2006. -</subfield>
    <subfield code="g">s. 179-186</subfield>
  </datafield>
  <datafield tag="711" ind1="2" ind2="2">
    <subfield code="a">S&#x142;upskie Forum Motoryzacji</subfield>
    <subfield code="n">(9 ;</subfield>
    <subfield code="d">2006 ;</subfield>
    <subfield code="c">S&#x142;upsk, Polska).</subfield>
    <subfield code="p">S&#x142;upskie Forum Motoryzacji'2006</subfield>
  </datafield>
  <datafield tag="942" ind1=" " ind2=" ">
    <subfield code="c">ROZ</subfield>
    <subfield code="2">UKD</subfield>
  </datafield>
  <datafield tag="999" ind1=" " ind2=" ">
    <subfield code="c">617</subfield>
    <subfield code="d">617</subfield>
  </datafield>
  <datafield tag="952" ind1=" " ind2=" ">
    <subfield code="0">0</subfield>
    <subfield code="1">0</subfield>
    <subfield code="4">0</subfield>
    <subfield code="7">0</subfield>
    <subfield code="a">BPK</subfield>
    <subfield code="b">BPK</subfield>
    <subfield code="o">84497</subfield>
    <subfield code="y">ROZ</subfield>
  </datafield>
</record>
